<?xml version="1.0" encoding="UTF-8"?>
<record
    xmlns:xsi="http://www.w3.org/2001/XMLSchema-instance"
    xsi:schemaLocation="http://www.loc.gov/MARC21/slim http://www.loc.gov/standards/marcxml/schema/MARC21slim.xsd"
    xmlns="http://www.loc.gov/MARC21/slim">

  <leader>02766nam a22004335i 4500</leader>
  <controlfield tag="001">60245</controlfield>
  <controlfield tag="003">CO-BoRNBP</controlfield>
  <controlfield tag="005">20251217205751.0</controlfield>
  <controlfield tag="007">ta</controlfield>
  <controlfield tag="008">250109r20152022ck a   jr     001 f spa d</controlfield>
  <datafield tag="020" ind1=" " ind2=" ">
    <subfield code="a">9789584246868</subfield>
  </datafield>
  <datafield tag="020" ind1=" " ind2=" ">
    <subfield code="a">9584246860</subfield>
  </datafield>
  <datafield tag="040" ind1=" " ind2=" ">
    <subfield code="a">CO-BoUNC</subfield>
    <subfield code="b">spa</subfield>
    <subfield code="e">rda</subfield>
    <subfield code="c">CO-BoUNC</subfield>
  </datafield>
  <datafield tag="043" ind1=" " ind2=" ">
    <subfield code="a">s-ck---</subfield>
  </datafield>
  <datafield tag="082" ind1="0" ind2="4">
    <subfield code="a">863.7</subfield>
    <subfield code="b">M539e9</subfield>
    <subfield code="2">23</subfield>
  </datafield>
  <datafield tag="100" ind1="1" ind2=" ">
    <subfield code="a">Mendoza, Mario</subfield>
    <subfield code="d">1964-</subfield>
    <subfield code="e">autor</subfield>
    <subfield code="9">65101</subfield>
  </datafield>
  <datafield tag="245" ind1="1" ind2="0">
    <subfield code="a">El mensajero de agartha 2:</subfield>
    <subfield code="b">el palacio de los sarc&#xF3;fagos /</subfield>
    <subfield code="c">Mario Mendoza.</subfield>
  </datafield>
  <datafield tag="246" ind1="3" ind2="0">
    <subfield code="a">El palacio de los sarc&#xF3;fagos</subfield>
  </datafield>
  <datafield tag="250" ind1=" " ind2=" ">
    <subfield code="a">Novena edici&#xF3;n</subfield>
  </datafield>
  <datafield tag="264" ind1=" " ind2="1">
    <subfield code="a">Bogot&#xE1;, Colombia</subfield>
    <subfield code="b">Editorial Planeta Colombiana</subfield>
    <subfield code="b">Editorial Destino,</subfield>
    <subfield code="c">2015.</subfield>
  </datafield>
  <datafield tag="264" ind1=" " ind2="3">
    <subfield code="c">2022.</subfield>
  </datafield>
  <datafield tag="300" ind1=" " ind2=" ">
    <subfield code="a">185 p&#xFFFD;ginas :</subfield>
    <subfield code="b">ilustraciones A blanco y negro ;</subfield>
    <subfield code="c">23 cm.</subfield>
  </datafield>
  <datafield tag="336" ind1=" " ind2=" ">
    <subfield code="a">texto</subfield>
    <subfield code="b">txt</subfield>
    <subfield code="2">rdacontent</subfield>
  </datafield>
  <datafield tag="337" ind1=" " ind2=" ">
    <subfield code="a">sin mediaci&#xFFFD;n</subfield>
    <subfield code="b">n</subfield>
    <subfield code="2">rdamedia</subfield>
  </datafield>
  <datafield tag="338" ind1=" " ind2=" ">
    <subfield code="a">volumen</subfield>
    <subfield code="b">nc</subfield>
    <subfield code="2">rdacarrier</subfield>
  </datafield>
  <datafield tag="500" ind1=" " ind2=" ">
    <subfield code="a">Incluye &#xFFFD;ndice</subfield>
  </datafield>
  <datafield tag="500" ind1=" " ind2=" ">
    <subfield code="a">Reimpresiones: 2023</subfield>
  </datafield>
  <datafield tag="500" ind1=" " ind2=" ">
    <subfield code="a">Incluye datos biogr&#xFFFD;ficos y cronolog&#xFFFD;a de la obra literaria del autor.</subfield>
  </datafield>
  <datafield tag="505" ind1="0" ind2=" ">
    <subfield code="a">Cap&#xFFFD;tulo 1. Magia -- Cap&#xFFFD;tulo 2. Julieta -- Cap&#xFFFD;tulo 3. El rostro de Chilbolton -- Cap&#xFFFD;tulo 4. Metaversos -- Cap&#xFFFD;tulo 5. SETI -- Cap&#xFFFD;tulo 6. La Atl&#xFFFD;ntida -- Cap&#xFFFD;tulo 7. Amauta quispe apaza -- Cap&#xFFFD;tulo 8. La fuente magna -- Cap&#xFFFD;tulo 9. El secuestro -- Cap&#xFFFD;tulo 10. Rorschach -- Cap&#xFFFD;tulo 11. Experimentos humanos -- Cap&#xFFFD;tulo 12. Los atlantes -- Cap&#xFFFD;tulo 13. El palacio de los sarc&#xFFFD;fagos -- Cap&#xFFFD;tulo 14. La calle de las Brujas -- Cap&#xFFFD;tulo 15. La fuga -- Cap&#xFFFD;tulo 16. El sol y la noche -- Cap&#xFFFD;tulo 17. Mohenjo-Daro -- Cap&#xFFFD;tulo 18. El extra&#xFFFD;o se&#xFFFD;or Llorath -- Cap&#xFFFD;tulo 19. Mensajes desde otro mundo -- Cap&#xFFFD;tulo 20. Ellos ya est&#xFFFD;n entre nosotros.</subfield>
  </datafield>
  <datafield tag="520" ind1="3" ind2=" ">
    <subfield code="a">La relaci&#xFFFD;n de los padres de Felipe se deteriora cada d&#xFFFD;a m&#xFFFD;s y la inminencia de un viaje a Bolivia con su t&#xFFFD;o Pablo, historiador y arque&#xFFFD;logo, le abre una nueva posibilidad para fortalecerse ps&#xFFFD;quicamente. Aunque seres extra&#xFFFD;os le han advertido que visitar&#xFFFD; la Atl&#xFFFD;ntida, es interceptado cerca de la ciudad sagrada de Tiahuanaco y conducido por calabozos y c&#xFFFD;rceles secretas donde se llevan a cabo experimentos con seres humanos vivos. Pero no todo est&#xFFFD; perdido. La bondad, la caridad y la generosidad son la luz de quienes resisten en la sombra. -- Contracubierta.</subfield>
  </datafield>
  <datafield tag="650" ind1="1" ind2="7">
    <subfield code="a">Novela colombiana</subfield>
    <subfield code="y">Siglo XXI</subfield>
    <subfield code="2">LEMB</subfield>
    <subfield code="9">1602</subfield>
  </datafield>
  <datafield tag="650" ind1="1" ind2="7">
    <subfield code="a">Literatura colombiana</subfield>
    <subfield code="y">Siglo XXI</subfield>
    <subfield code="2">LEMB</subfield>
    <subfield code="9">65</subfield>
  </datafield>
  <datafield tag="650" ind1="1" ind2="7">
    <subfield code="a">Novela fant&#xFFFD;stica</subfield>
    <subfield code="y">Siglo XXI</subfield>
    <subfield code="2">LEMB</subfield>
    <subfield code="9">68120</subfield>
  </datafield>
  <datafield tag="650" ind1="1" ind2="7">
    <subfield code="a">Autores colombianos</subfield>
    <subfield code="y">Siglo XXI</subfield>
    <subfield code="2">LEMB</subfield>
    <subfield code="9">66</subfield>
  </datafield>
  <datafield tag="650" ind1="1" ind2="7">
    <subfield code="a">Literatura juvenil</subfield>
    <subfield code="y">Siglo XXI</subfield>
    <subfield code="2">LEMB</subfield>
    <subfield code="9">68121</subfield>
  </datafield>
  <datafield tag="650" ind1="1" ind2="7">
    <subfield code="a">Secuestro</subfield>
    <subfield code="v">Novelas</subfield>
    <subfield code="2">LEMB</subfield>
    <subfield code="9">68122</subfield>
  </datafield>
  <datafield tag="650" ind1="1" ind2="7">
    <subfield code="a">Muerte</subfield>
    <subfield code="v">Novelas</subfield>
    <subfield code="2">LEMB</subfield>
    <subfield code="9">68123</subfield>
  </datafield>
  <datafield tag="942" ind1=" " ind2=" ">
    <subfield code="2">ddc</subfield>
    <subfield code="c">BK</subfield>
  </datafield>
  <datafield tag="999" ind1=" " ind2=" ">
    <subfield code="c">60245</subfield>
    <subfield code="d">60245</subfield>
  </datafield>
  <datafield tag="952" ind1=" " ind2=" ">
    <subfield code="0">0</subfield>
    <subfield code="1">0</subfield>
    <subfield code="2">lcc</subfield>
    <subfield code="4">0</subfield>
    <subfield code="7">0</subfield>
    <subfield code="8">012</subfield>
    <subfield code="a">MESJUANI</subfield>
    <subfield code="b">MESJUANI</subfield>
    <subfield code="c">LIT</subfield>
    <subfield code="d">2025-12-17</subfield>
    <subfield code="l">0</subfield>
    <subfield code="o">N MEN1</subfield>
    <subfield code="p">SJU02478</subfield>
    <subfield code="r">2025-12-17 20:58:40</subfield>
    <subfield code="t">Ej.1</subfield>
    <subfield code="w">2025-12-17</subfield>
    <subfield code="y">BKLIT</subfield>
  </datafield>
  <datafield tag="952" ind1=" " ind2=" ">
    <subfield code="0">0</subfield>
    <subfield code="1">0</subfield>
    <subfield code="2">ddc</subfield>
    <subfield code="4">0</subfield>
    <subfield code="7">0</subfield>
    <subfield code="8">GEN</subfield>
    <subfield code="a">MEPLLERAS</subfield>
    <subfield code="b">MEPLLERAS</subfield>
    <subfield code="c">LIT</subfield>
    <subfield code="d">2026-03-13</subfield>
    <subfield code="l">0</subfield>
    <subfield code="o">Co863 M539e9</subfield>
    <subfield code="p">PLL00725</subfield>
    <subfield code="r">2026-03-13 17:32:17</subfield>
    <subfield code="t">Ej.1</subfield>
    <subfield code="w">2026-03-13</subfield>
    <subfield code="y">BKLIT</subfield>
  </datafield>
</record>
